Entry Personal Name
Number of records used in: 1
001 - CONTROL NUMBER
003 - CONTROL NUMBER IDENTIFIER
005 - DATE AND TIME OF LATEST TRANSACTION
- control field:
20230825162022.0
008 - FIXED-LENGTH DATA ELEMENTS
- fixed length control field:
811220n| azannaabn |a aaa
010 ## - LIBRARY OF CONGRESS CONTROL NUMBER
- LC control number:
n 81125346
016 ## - NATIONAL BIBLIOGRAPHIC AGENCY CONTROL NUMBER
- Record control number:
1034J5703E
035 ## - SYSTEM CONTROL NUMBER
- System control number:
(OCoLC)oca00670260
040 ## - CATALOGING SOURCE
- Original cataloging agency:
DLC
- Language of cataloging:
eng
- Description conventions:
rda
- Transcribing agency:
DLC
- Modifying agency:
DLC
- Modifying agency:
CaOONL
042 ## - AUTHENTICATION CODE
100 1# - HEADING--PERSONAL NAME
- Personal name:
Taylor, Bernard W.,
- Titles and other words associated with a name:
III
373 ## - ASSOCIATED GROUP
- Associated group:
Virginia Polytechnic Institute and State University
- Source of term:
naf
377 ## - ASSOCIATED LANGUAGE
400 1# - SEE FROM TRACING--PERSONAL NAME
- Control subfield:
nnea
- Personal name:
Taylor, Bernard W.
670 ## - SOURCE DATA FOUND
- Source citation:
His A simulation approach to the analysis of uncertainty in public ... 1975.
670 ## - SOURCE DATA FOUND
- Source citation:
His Introduction to management science, 1993:
- Information found:
CIP t.p. (Bernard W. Taylor III, Virginia Polytechnic Inst. and State University)